Prepojenie finančného účtovníctva na daňové účtovníctvo podniku bakalárska práca

Enregistré dans:
Détails bibliographiques
Auteur principal: Sabová, Lucia
Collectivité auteur: Podnikovohospodárska fakulta EU so sídlom v Košiciach. Katedra účtovníctva a financií
Autres auteurs: Lajoš, Branislav
Format: Livre
Langue:slovaque
Publié: Košice 2011
Tags: Ajouter un tag
Pas de tags, Soyez le premier à ajouter un tag!

MARC

LEADER 00000nbm a2200000 4500
001 0139426
005 20161109111621.9
041 0 |a slo 
044 |a SK 
245 1 0 |a Prepojenie finančného účtovníctva na daňové účtovníctvo podniku  |b bakalárska práca  |c Lucia Sabová ; školiteľ: Branislav Lajoš 
264 1 |a Košice  |c 2011 
300 |a 54 s. 
100 1 |a Sabová, Lucia 
700 1 |a Lajoš, Branislav 
710 2 |a Podnikovohospodárska fakulta EU so sídlom v Košiciach. Katedra účtovníctva a financií